Chuyện cũ Hà Nội, tập 2

Gardado en:
Detalles Bibliográficos
Formato: Libro
Publicado: 2004
Các nhãn: Engadir etiqueta
Sen Etiquetas, Sexa o primeiro en etiquetar este rexistro!
Thư viện lưu trữ: Mạng thư viện Đại học Đà Nẵng
LEADER 00436nam a22001811a 4500
001 000040838
003 17133
005 20160412023658.0
008 160412s2004 000
082 |a V(23)18-20 
245 |a Chuyện cũ Hà Nội, tập 2  |c Tô Hoài 
260 |c 2004 
OWN |a LNN 
999 |a From the UDN01 
TYP |a Monograph 
980 |a Mạng thư viện Đại học Đà Nẵng